000
00216 a2200097 4500
001
42971
100
_a
Khahquzzam
245
_a
Pathway to Pakistan
260
_a
Lahore
_b
Longman Pak Branch
_c
090
_c
26848
_d
26848
942
_a
NUST-CAE
_c
M
_c
18722
999
_c
278044
_d
278044